|
|
|
|
| LEADER |
02169nam a2200409 a 4500 |
| 001 |
14179830 |
| 008 |
120320r20102006maua 001 0 eng |
| 010 |
|
|
|a 2005033982
|
| 020 |
|
|
|a 007015385x
|
| 020 |
|
|
|a 9780070153851
|
| 020 |
|
|
|a 007286611X (hard copy : alk. paper)
|
| 020 |
|
|
|a 0071106693 (hbk.)
|
| 020 |
|
|
|a 9780072866117
|
| 020 |
|
|
|a 9780071106696
|
| 040 |
|
|
|a DLC
|c DLC
|d UKM
|d BAKER
|d SISPL
|d DLC
|d BD-DhAAL
|
| 042 |
|
|
|a pcc
|
| 050 |
0 |
0 |
|a TK454
|b .H4 2006
|
| 082 |
0 |
0 |
|a 621.319/2
|2 22
|
| 100 |
1 |
|
|a Hayt, William Hart,
|d 1920-
|
| 245 |
1 |
0 |
|a Engineering circuit analysis /
|c William H. Hayt, Jr., Jack E. Kemmerly, Steven M. Durbin.
|
| 250 |
|
|
|a 7th ed.
|
| 260 |
|
|
|a Boston ;
|a New Delhi :
|b McGraw-Hill Higher Education,
|c 2006 [reprinted 2010].
|
| 300 |
|
|
|a xxiv, 738 p. :
|b ill. ;
|c 26 cm.
|
| 500 |
|
|
|a Includes index.
|
| 541 |
|
|
|e 00024784
|
| 650 |
|
0 |
|a Electric circuit analysis.
|
| 650 |
|
0 |
|a Electric network analysis.
|
| 700 |
1 |
|
|a Kemmerly, Jack E.
|q (Jack Ellsworth),
|d 1924-
|
| 700 |
1 |
|
|a Durbin, Steven M.
|
| 852 |
1 |
|
|a Ayesha Abed Library
|c General shelf.
|
| 942 |
0 |
0 |
|0 4
|
| 999 |
|
|
|c 12000
|d 12000
|
| 952 |
|
|
|0 0
|1 0
|2 ddc
|4 0
|6 621_319200000000000_HAY
|7 0
|9 19743
|a BRACUL
|b BRACUL
|c GEN
|d 2012-03-15
|e Development Book Agency
|g 1105.05
|l 36
|m 292
|o 621.3192 HAY
|p 3010024784
|r 2024-02-08
|s 2024-01-31
|t 1
|w 2012-03-20
|y BK
|
| 952 |
|
|
|0 0
|1 0
|2 ddc
|4 0
|6 621_319200000000000_HAY
|7 0
|9 19744
|a BRACUL
|b BRACUL
|c GEN
|d 2012-03-15
|e Development Book Agency
|g 1105.05
|l 39
|m 368
|o 621.3192 HAY
|p 3010024785
|r 2025-10-09
|s 2025-07-10
|t 2
|w 2012-03-20
|y BK
|
| 952 |
|
|
|0 0
|1 0
|2 ddc
|4 0
|6 621_319200000000000_HAY
|7 0
|9 19745
|a BRACUL
|b BRACUL
|c GEN
|d 2012-03-15
|e Development Book Agency
|g 1105.05
|l 26
|m 272
|o 621.3192 HAY
|p 3010024786
|r 2019-09-30
|s 2019-09-24
|t 3
|w 2012-03-20
|y BK
|
| 952 |
|
|
|0 0
|1 0
|2 ddc
|4 0
|6 621_319200000000000_HAY
|7 0
|9 19746
|a BRACUL
|b BRACUL
|c GEN
|d 2012-03-15
|e Development Book Agency
|g 1105.05
|l 34
|m 344
|o 621.3192 HAY
|p 3010024787
|r 2025-11-15
|s 2025-03-05
|t 4
|w 2012-03-20
|y BK
|
| 952 |
|
|
|0 0
|1 0
|2 ddc
|4 0
|6 621_319200000000000_HAY
|7 0
|9 19747
|a BRACUL
|b BRACUL
|c GEN
|d 2012-03-15
|e Development Book Agency
|g 1105.05
|l 34
|m 264
|o 621.3192 HAY
|p 3010024788
|r 2024-02-27
|s 2024-01-27
|t 5
|w 2012-03-20
|y BK
|